|
|
|
|
| LEADER |
00000nam0a2200000 4500 |
| 001 |
374704 |
| 005 |
20231102012655.0 |
| 020 |
|
|
|a RU
|b 86-62912
|
| 035 |
|
|
|a (RuTPU)RU\TPU\retro\32138
|
| 035 |
|
|
|a RU\TPU\book\303989
|
| 090 |
|
|
|a 374704
|
| 100 |
|
|
|a 20221219d1986 k y0rusy5003 ca
|
| 101 |
0 |
|
|a rus
|
| 102 |
|
|
|a RU
|
| 105 |
|
|
|a a z 001zy
|
| 200 |
1 |
|
|a Нестационарные методы морской терморазведки. Поиски локальных структур на основе периодической и апериодической составляющих приповерхностного геотермического поля
|f А. М. Бойков
|g Академия наук СССР (АН СССР), Дагестанский филиал, Институт геотермии ; отв. ред. В. Н. Дахнов , Н. А. Огильви
|
| 210 |
|
|
|a Москва
|c Наука
|d 1986
|
| 215 |
|
|
|a 136 с.
|c ил.
|d 22 см
|
| 320 |
|
|
|a Библиогр.: с. 130-134 (113 назв.)
|
| 606 |
1 |
|
|a Геотермическая разведка
|2 stltpush
|3 (RuTPU)RU\TPU\subj\6237
|9 34169
|
| 610 |
1 |
|
|a морская терморазведка
|
| 610 |
1 |
|
|a нестационарные методы
|
| 610 |
1 |
|
|a физико-геологические предпосылки
|
| 610 |
1 |
|
|a шельфы
|
| 610 |
1 |
|
|a донные осадки
|
| 610 |
1 |
|
|a термические свойства
|
| 610 |
1 |
|
|a изменчивость
|
| 610 |
1 |
|
|a геотемпературные поля
|
| 610 |
1 |
|
|a экзогенные факторы
|
| 610 |
1 |
|
|a данные
|
| 610 |
1 |
|
|a интерпретация
|
| 675 |
|
|
|a 550.836
|z rus
|
| 700 |
|
1 |
|a Бойков
|b А. М.
|g Андрей Михайлович
|4 070
|
| 702 |
|
1 |
|a Дахнов
|b В. Н.
|4 340
|
| 702 |
|
1 |
|a Огильви
|b Н. А.
|4 340
|
| 712 |
0 |
2 |
|a Академия наук СССР (АН СССР)
|b Дагестанский филиал
|b Институт геотермии
|2 stltpush
|3 (RuTPU)RU\TPU\col\19331
|
| 801 |
|
0 |
|a RU
|b RuMRKP
|c 19950704
|g psbo
|
| 801 |
|
1 |
|a RU
|b 63413507
|c 20150112
|
| 801 |
|
2 |
|a RU
|b 63413507
|c 20221219
|g RCR
|
| 942 |
|
|
|c BK
|